000 00599nam a2200217 i 4500
001 bg
100 1 _aCOOTE, Stephen
245 1 0 _aThe Penguin short history of English literature /
_cStephen Coote.
260 _aLondon :
_bPenguin Books,
_c1993.
300 _a[4], 777 s. ;
_c20 cm.
490 1 _aPenguin Literary Criticism
650 9 _aLiteratura angielska
_xhistoria
830 _aPenguin Literary Criticism
020 _a0140125310
040 _cBPK
041 0 _aen
080 _a821.111(091)
920 _a0-14-012531-0
942 _cKS
008 s pl f |000 0 pol
999 _c37593
_d37593
856 _uhttp://koha.tu.koszalin.pl/cgi-bin/koha/opac-detail.pl?biblionumber=37593
_yKatalog online BPK